Nearest Capital Journey - U.S. State Capitals - Statistics

General Stats
  • This quiz has been taken 21 times
  • The average score is 42 of 49
Answer Stats
Distance (miles) Answer % Correct
133.23 Charleston
100%
176.06 Frankfort
100%
128.41 Indianapolis
100%
185.42 Springfield
100%
125.86 Albany
92%
91.88 Annapolis
92%
193.12 Atlanta
92%
229.89 Augusta
92%
140.66 Baton Rouge
92%
41.25 Boston
92%
183.16 Columbia
92%
63.42 Concord
92%
169.73 Des Moines
92%
53.38 Dover
92%
431.44 Harrisburg
92%
152.42 Hartford
92%
371.18 Jackson
92%
158.72 Jefferson City
92%
246.33 Lansing
92%
133.62 Lincoln
92%
305.59 Little Rock
92%
224.63 Madison
92%
146.2 Montgomery
92%
89.25 Montpelier
92%
299.56 Oklahoma City
92%
65.05 Providence
92%
138.72 Raleigh
92%
614.67 Richmond
92%
233.14 St. Paul
92%
178.69 Tallahassee
92%
191.28 Topeka
92%
83.91 Trenton
92%
359.54 Austin
85%
97.19 Cheyenne
85%
284.71 Denver
85%
604.41 Santa Fe
85%
169.96 Bismarck
77%
288.78 Boise
77%
431.27 Carson City
77%
533.09 Helena
77%
144.89 Olympia
77%
317.78 Pierre
77%
101.23 Sacramento
77%
446.59 Salem
77%
295.89 Salt Lake City
77%
4333.32 Honolulu
62%
912.93 Juneau
62%
2004.89 Phoenix
62%
1442.89 Nashville
46%
No matching quizzes found
Score Distribution
Percent of People with Each Score
Percentile by Number Answered
Your Score History
You have not taken this quiz